zpět

Detail výsledku týmu

Tony's Bar, Příbor

Datum a čas kvízu

36.5 Celkem bodů Celkový počet nahraných bodů na tomto kvízu bez doplňovacích otázek.
2. Pořadí na kvízu Konečné umístění týmu na tomto kvízu.

Zaznamenané odpovědi

# Otázka Odpověď Body Výsledky
1. „Raději bych si ukousl část ko... A 1
2. Ministr obrany Spojených států... Pulp Fiction 1
3. V neděli vyvrcholil jeden z ne... Justin Bieber 1
4. Britský výrobce nejluxusnějšíc... Nightingale (slavík) 0
5. Které české tenistce hrozí až... Markétě Vondroušové 1
6. Vítězné téma FB hlasování zahá... Luděk Marold, bitva u Lipan 1
7. Přiřaďte jednotlivá města k je... 1B 2D 3A 4C 0
8. „Co až budeme nahoře, to teprv... Homolka a tobolka; Marie Motlová 0.5
9. Panorama je služba webové strá... na Pradědu 1
10. Na závěr si dáme noční pohled... Řím 1